Music Quiz

Random Music or Clip Quiz
Score 0/24 Timer 13:00
0 Plays Today
Time Song % Correct
0:00 - 0:09All Star
94%
1:34 - 1:40Don't You Want Me
85.3%
2:21 - 2:36Shake It Off
82.9%
0:10 - 0:26Somebody Told Me
82.1%
0:27 - 0:35I Heard It Through the Grapevine
78.9%
3:50 - 3:58Bennie and the Jets
68.8%
1:02 - 1:19Have You Ever Seen the Rain?
68.2%
0:36 - 0:50Rumour Has It
66.1%
1:53 - 2:07Black Dog
59.5%
1:41 - 1:52Margaritaville
56.2%
3:06 - 3:20I Write Sins Not Tragedies
53.8%
1:20 - 1:33Take It on the Run
44%
Time Song % Correct
2:08 - 2:20Mary Jane's Last Dance
43%
2:50 - 3:05Is She Really Going Out with Him?
38.6%
3:36 - 3:49Say It Ain't So
38.4%
0:51 - 1:01Da Doo Ron Ron
37.8%
4:15 - 4:25Ashes to Ashes
31.7%
4:26 - 4:40Found Out About You
30.8%
2:37 - 2:49Going to California
30.4%
4:41 - 4:56Ventura Highway
29.7%
4:57 - 5:09Sixteen Tons
28.4%
5:10 - 5:23Cherub Rock
23.3%
3:59 - 4:14Standing Outside a Broken Phone Booth with Money in My Hand
12.6%
3:21 - 3:35Peggy Sue Got Married
9.8%
Remove Ads.
Support Sporcle.
Get the best of Sporcle when you Go Orange. This ad-free experience offers more features, more stats, and more fun while also helping to support Sporcle. Thank you for becoming a member.

You're not logged in!

Compare scores with friends on all Sporcle quizzes.
OR
Log In

Sporcle TV

Today on Sporcle TV


Watch our educational content, quiz creation guides, and fun videos on Sporcle TV.

Show Comments

Extras

Top Quizzes Today


Score Distribution

Paid Content

Your Account Isn't Verified!

In order to create a playlist on Sporcle, you need to verify the email address you used during registration. Go to your Sporcle Settings to finish the process.

Report this User

Report this user for behavior that violates our Community Guidelines.

Details: